[Event "Match"]
[Site "www.echecsemail.com"]
[Date "2016.03.10"]
[Round "1"]
[White "Gearoidmac"]
[Black "Elogic"]
[WhiteElo "1849"]
[BlackElo "2089"]
[Result "1-0"]
[Round "1"]
1.e4 e5
2.Ng1f3 Nb8c6
3.Bf1b5 Ng8e7
4.O-O d6
5.Nb1c3 Bc8d7
6.d4 exd4
7.Nf3xd4 Nc6xd4
8.Bb5xd7 Qd8xd7
9.Qd1xd4 Ne7c6
10.Qd4e3 h5
11.Nc3d5 Rh8h6
12.Qe3xh6 gxh6
13.Nd5f6 Kd8
14.Nf6xd7 Kxd7
15.Bc1d2 Ra8e8
16.f3 Nc6e5
17.b3 Bf8g7
18.Ra1d1 h4
19.Bd2e3 b6
20.g3 hxg3
21.hxg3 Ne5c6
22.a3 Re8g8
23.Kf2 h5
24.Rf1h1 Rg8h8
25.Rh1h2 a5
26.Rd1h1 Bg7d4
27.Rh2xh5 Rh8xh5
28.Rh1xh5 Bd4xe3
29.Kxe3 Nc6e7
30.c4 c5
31.Rh5h7 Ke6
32.f4 f5
33.Rh7xe7 Kxe7
34.exf5 Kf6
35.Ke4 Kg7
36.Kd5 { resign }
1-0

[Event "Match"]
[Site "www.echecsemail.com"]
[Date "2016.03.10"]
[Round "1"]
[White "Pare123"]
[Black "Ericleo1980"]
[WhiteElo "1960"]
[BlackElo "2280"]
[Result "0-1"]
[Round "1"]
1.c4 c5
2.Nb1c3 Ng8f6
3.Ng1f3 d5
4.cxd5 Nf6xd5
5.e4 Nd5b4
6.a3 Nb4d3
7.Bf1xd3 Qd8xd3
8.Nf3e5 Qd3d4
9.Ne5f3 Qd4d3
10.Qd1e2 Qd3xe2
11.Nc3xe2 Nb8c6
12.Ne2c3 Bc8g4
13.Nf3g1 Nc6d4
14.f3 Nd4c2
15.Kd1 Nc2xa1
16.fxg4 Na1b3
17.Nc3d5 O-O-O
18.Kc2 Nb3xc1
19.Kxc1 e6
20.Nd5c3 g6
21.Ng1f3 Bf8g7
22.e5 a6
23.Rh1e1 h6
24.Nc3a4 Bg7f8
25.Re1e3 Kc7
26.Re3c3 Rd8d5
27.b4 b5
28.Na4xc5 Bf8xc5
29.bxc5 Kc6
30.d4 Rh8d8
31.Kc2 Rd5xd4
32.Nf3xd4 Rd8xd4
33.h3 Rd4d5
34.Kb3 a5
35.Rc3f3 Rd5d7
36.Rf3c3 Rd7d2
37.g3 Rd2d5
38.Rc3f3 Rd5xe5
39.Rf3xf7 Re5e3
40.Kb2 Re3xg3
41.Rf7f6 Rg3xh3
42.Rf6xe6 Kxc5
43.Re6xg6 Rh3h2
44.Ka1 Kc4
45.Rg6f6 Kb3
46.Rf6f3 Ka4
47.Rf3g3 Rh2f2
48.Kb1 Rf2h2
49.Kc1 Rh2a2
50.Rg3h3 Ra2g2
51.Rh3xh6 Kxa3
52.Rh6h5 Ka4
53.Rh5h4 b4
54.Kb1 Ka3
55.Rh4h3 b3
{ resign }
0-1

[Event "Match"]
[Site "www.echecsemail.com"]
[Date "2016.03.10"]
[Round "1"]
[White "Tonino1"]
[Black "Krystek23"]
[WhiteElo "2040"]
[BlackElo "2130"]
[Result "0-1"]
[Round "1"]
1.d4 Ng8f6
2.Ng1f3 d5
3.e3 a6
4.Bf1d3 Nb8c6
5.a3 Bc8g4
6.b3 Bg4xf3
7.Qd1xf3 e6
8.Bc1b2 Nc6e7
9.Nb1d2 Ne7c6
10.O-O Bf8d6
11.c4 Bd6e7
12.Qf3h3 h6
13.f4 g6
14.g4 Qd8d7
15.g5 Nf6h5
16.Nd2f3 Rh8h7
17.Nf3e5 Nc6xe5
18.dxe5 hxg5
19.fxg5 Be7xg5
20.cxd5 Qd7xd5
21.Bd3c4 Qd5d2
22.Bb2c1 Qd2c3
23.Ra1a2 O-O-O
24.Ra2f2 Qc3xe5
25.Rf2xf7 Rh7xf7
26.Rf1xf7 Rd8d1
27.Rf7f1 Rd1xc1
28.Bc4xe6 Kb8
29.Rf1xc1 Qe5xe3
30.Qh3xe3 Bg5xe3
31.Kf1 Be3xc1
32.a4 Nh5f4
33.Be6g4 c6
34.Ke1 Bc1a3
35.Kd2 Ba3c5
36.Kc3 Ka7
37.Kc4 Bc5g1
38.h3 b5
39.axb5 cxb5
40.Kc3 Kb6
41.Kd2 Kc5
42.Bg4c8 a5
43.Kc2 Kb4
44.Bc8d7 Bg1d4
45.Bd7e8 g5
46.Be8d7 Bd4g7
47.Bd7g4 Bg7h8
48.Bg4f5 Nf4e2
49.Bf5d7 Ne2d4
50.Kb1 Nd4xb3
51.Ka2 Nb3c5
52.Bd7f5 a4
53.Bf5g6 Ka5
54.Bg6f7 b4
55.Bf7g8 Nc5d3
56.Bg8c4 Nd3f4
57.Bc4f1 b3
58.Kb1 a3
59.Kc1 Kb4
 { time }
0-1

[Event "1/128 Finale"]
[Site "www.chess-mail.com"]
[Date "2016.03.10"]
[Round "1"]
[White "Paaliaq"]
[Black "Bluetealeaf"]
[WhiteElo "1809"]
[BlackElo "1750"]
[Result "1-0"]
[Round "1"]
1.e4 e5
2.Ng1f3 f6
3.Nf3xe5 Qd8e7
4.Ne5f3 Qe7xe4
5.Bf1e2 d5
6.Nb1c3 Qe4e6
7.O-O Ng8h6
8.Rf1e1 Bf8e7
9.Be2b5 Kf8
10.Re1xe6 Bc8xe6
11.Qd1e2 Be6f5
12.Nc3xd5 a6
13.Qe2xe7 { resign }
1-0

[Event "1/32 Finale"]
[Site "www.chess-mail.com"]
[Date "2016.03.10"]
[Round "1"]
[White "Mrfunk"]
[Black "Llord"]
[WhiteElo "2310"]
[BlackElo "1800"]
[Result "1-0"]
[Round "1"]
1.e4 e5
2.Ng1f3 Nb8c6
3.Bf1b5 a6
4.Bb5a4 b5
5.Ba4b3 Bf8c5
6.c3 Qd8f6
7.d4 exd4
8.e5 Nc6xe5
9.Qd1e2 d6
10.cxd4 Bc5b4
11.Nb1d2 Bc8g4
12.dxe5 dxe5
13.Qe2xe5 Qf6xe5
14.Nf3xe5 Bg4e6
15.Bb3xe6 fxe6
16.O-O Ng8f6
17.Ne5c6 Bb4d6
18.Nd2f3 O-O
19.Rf1e1 Nf6g4
20.h3 Ng4f6
21.Re1xe6 Nf6h5
22.Nc6e7 Bd6xe7
23.Re6xe7 c5
24.Re7e5 Nh5f4
25.Bc1xf4 Rf8xf4
26.Re5xc5 Ra8f8
27.Kf1 h6
28.Ra1d1 b4
29.Rd1d6 Rf8a8
30.Nf3e5 Ra8f8
31.Ne5d3 Rf4h4
32.f3 Rf8a8
33.g3 Rh4xh3
34.Kg2 { resign }
1-0

[Event "Fast Game"]
[Site "www.echecsemail.com"]
[Date "2016.03.10"]
[Round "1"]
[White "Maredocla"]
[Black "Matchbox"]
[WhiteElo "1860"]
[BlackElo "1879"]
[Result "0-1"]
[Round "1"]
1.f4 d5
2.Ng1f3 c5
3.b3 Nb8c6
4.Bc1b2 Ng8f6
5.e3 a6
6.Bf1e2 Bc8g4
7.h3 Bg4xf3
8.Be2xf3 e6
9.Nb1c3 Bf8e7
10.Qd1e2 Qd8d7
11.O-O-O b5
12.g4 Qd7c7
13.Nc3b1 Ra8b8
14.g5 Nf6d7
15.Bb2xg7 Rh8g8
16.Bg7b2 Nc6b4
17.Rh1g1 Nb4xa2
{ resign }
0-1

[Event "Tourn. n8563"]
[Site "www.chess-mail.com"]
[Date "2016.03.11"]
[Round "1"]
[White "Tonino1"]
[Black "Norlavuaram"]
[WhiteElo "2050"]
[BlackElo "2120"]
[Result "1/2-1/2"]
[Round "1"]
1.d4 Ng8f6
2.Ng1f3 g6
3.e3 Bf8g7
4.Bf1d3 O-O
5.b3 d5
6.Bc1b2 Nb8d7
7.Nb1d2 c5
8.O-O b6
9.Qd1e2 Bc8b7
10.Nf3e5 Nd7xe5
11.dxe5 Nf6e4
12.f3 Ne4xd2
13.Qe2xd2 Qd8c7
14.f4 Rf8d8
15.Ra1d1 e6
16.g4 Ra8c8
17.Qd2e2 c4
18.bxc4 dxc4
19.Bd3xc4 Rd8xd1
20.Rf1xd1 Qc7c6
21.Kf2 Qc6g2
22.Ke1 Qg2h1
23.Kd2 Rc8d8
24.Kc1 Rd8xd1
25.Qe2xd1 Qh1xd1
26.Kxd1 Bg7f8
27.Ke2 Bb7e4
28.Bc4b3 Bf8c5
29.Bb2d4 Bc5a3
30.c4 Kf8
31.h4 Ke7
32.Kd2 Ba3b4
33.Bd4c3 Bb4c5
34.Bc3b2 Bc5b4
35.Ke2 Bb4c5
36.Bb2c3 Be4h1
37.Kd3 Bh1g2
38.Bc3d4 Bc5b4
39.Bb3d1 Bg2c6
40.e4 Bc6b7
41.f5 Bb4e1
42.f6 Kd8
43.h5 Bb7c6
44.hxg6 hxg6
45.a4 Be1b4
46.Bd1c2 Kc7
{ draw }
1/2-1/2

[Event "Tourn. n8618"]
[Site "www.chess-mail.com"]
[Date "2016.03.11"]
[Round "1"]
[White "Fred"]
[Black "Mitja"]
[WhiteElo "2080"]
[BlackElo "1860"]
[Result "0-1"]
[Round "1"]
1.e4 d5
2.e5 c6
3.f4 e6
4.Ng1f3 Ng8e7
5.d4 f5
6.Bf1d3 Ne7g6
7.Nb1c3 Nb8d7
8.O-O Bf8b4
9.Bc1e3 Nd7b6
10.a3 Bb4xc3
11.bxc3 Nb6a4
12.Qd1e1 Qd8a5
13.Be3d2 Qa5d8
14.Ra1b1 Na4b6
15.Nf3g5 Qd8e7
16.Bd3e2 Qe7xa3
17.Be2h5 Qa3e7
18.Qe1g3 Bc8d7
19.Rb1a1 O-O-O
20.Ra1xa7 Kc7
21.Bh5e2 Rd8a8
22.Rf1a1 Ra8xa7
23.Ra1xa7 Kb8
24.Ra7a2 Nb6c4
25.Bd2c1 Kc7
26.Be2xc4 dxc4
27.Bc1a3 Qe7e8
28.Ba3d6 Kd8
29.Ra2a8 Bd7c8
30.Qg3e3 Kd7
31.Qe3c1 Qe8d8
32.g3 Qd8b6
33.Qc1a3 Qb6b1
34.Kg2 Qb1xc2
35.Kh3 Qc2b1
36.Qa3a5 Qb1f1
{ resign }
0-1

[Event "Tourn. n8606"]
[Site "www.chess-mail.com"]
[Date "2016.03.11"]
[Round "1"]
[White "Yangqi"]
[Black "Sontuozio"]
[WhiteElo "2630"]
[BlackElo "2220"]
[Result "1-0"]
[Round "1"]
1.e4 e6
2.d4 d5
3.Nb1c3 dxe4
4.Nc3xe4 Nb8d7
5.Ng1f3 Ng8f6
6.Bf1d3 Nf6xe4
7.Bd3xe4 Nd7f6
8.Bc1g5 Bf8e7
9.Bg5xf6 Be7xf6
10.Qd1d3 g6
11.h4 a6
12.h5 Qd8e7
13.O-O-O Qe7b4
14.Nf3e5 Bc8d7
15.hxg6 Bf6g5
16.Kb1 f5
17.Rh1xh7 Rh8xh7
18.gxh7 Bg5f6
19.Qd3f3 O-O-O
20.c3 Qb4b5
21.c4 Qb5b6
22.c5 Qb6b5
23.c6 bxc6
24.Be4xc6 Bd7xc6
25.Ne5xc6 Qb5b6
26.Nc6xd8 Kxd8
27.Qf3a8 Kd7
28.h8Q Bf6xh8
29.Qa8xh8 Qb6b5
30.Qh8e5 Qb5a4
31.b3 Qa4b4
32.d5 { resign }
1-0

[Event "Tourn. n8621"]
[Site "www.chess-mail.com"]
[Date "2016.03.11"]
[Round "1"]
[White "Cathar"]
[Black "Raven16"]
[WhiteElo "2350"]
[BlackElo "2200"]
[Result "0-1"]
[Round "1"]
1.e4 e5
2.Ng1f3 Nb8c6
3.Bf1b5 Ng8f6
4.d3 Bf8c5
5.Bb5xc6 dxc6
6.Nb1d2 O-O
7.Nd2c4 Rf8e8
8.Qd1e2 Bc8g4
9.h3 Bg4xf3
10.Qe2xf3 b5
11.Nc4e3 Bc5b4
12.Kf1 c5
13.a3 Bb4a5
14.Ne3f5 Re8e6
15.Bc1g5 Ba5b6
16.g3 h6
17.Bg5h4 Qd8f8
18.g4 c4
19.g5 hxg5
20.Bh4xg5 Nf6h7
21.Bg5d2 cxd3
22.cxd3 Re6f6
23.Rh1g1 Kh8
24.Bd2b4 c5
{ resign }
0-1

[Event "Tourn. n8605"]
[Site "www.chess-mail.com"]
[Date "2016.03.11"]
[Round "1"]
[White "Piekki"]
[Black "Osopanda"]
[WhiteElo "1900"]
[BlackElo "1980"]
[Result "1-0"]
[Round "1"]
1.e4 c5
2.Ng1f3 d6
3.d4 cxd4
4.Nf3xd4 Ng8f6
5.Nb1c3 a6
6.Bf1e2 e5
7.Nd4b3 Bc8e6
8.Nc3d5 b5
9.Bc1g5 h6
10.Bg5xf6 gxf6
11.c4 bxc4
12.Be2xc4 Nb8c6
13.a3 a5
14.Ra1c1 Ra8c8
15.Bc4a6 Rc8c7
16.Nd5xc7 Qd8xc7
17.Ba6b5 Be6d7
18.Qd1d5 Qc7b6
19.Rc1xc6 Bd7xc6
20.Qd5xc6 Qb6xc6
21.Bb5xc6 Kd8
22.Nb3xa5 Kc7
23.b4 Bf8e7
24.Ke2 Rh8g8
25.g3 Kb6
26.Rh1d1 Rg8c8
27.Rd1c1 h5
28.Rc1c4 d5
29.Bc6xd5 Rc8xc4
30.Bd5xc4 { resign }
1-0

[Event "Tourn. n8660"]
[Site "www.chess-mail.com"]
[Date "2016.03.11"]
[Round "1"]
[White "Tonino1"]
[Black "Cathar"]
[WhiteElo "2200"]
[BlackElo "2240"]
[Result "1-0"]
[Round "1"]
1.d4 Ng8f6
2.Ng1f3 c5
3.e3 g6
4.Bf1d3 Bf8g7
5.b3 cxd4
6.exd4 O-O
7.Bc1b2 d5
8.Nb1d2 Nb8c6
9.a3 Kh8
10.O-O Bc8f5
11.Bd3xf5 gxf5
12.Nf3e5 e6
13.f4 Nc6xe5
14.fxe5 Nf6e4
15.Nd2xe4 dxe4
16.c4 b5
17.d5 bxc4
18.bxc4 Ra8b8
19.Ra1b1 Qd8c7
20.Qd1d4 Rf8c8
21.d6 Qc7xc4
22.Qd4xc4 { resign }
1-0

[Event "Tourn. n8543"]
[Site "www.chess-mail.com"]
[Date "2016.03.11"]
[Round "1"]
[White "Tonino1"]
[Black "Comrade"]
[WhiteElo "1990"]
[BlackElo "2080"]
[Result "0-1"]
[Round "1"]
1.d4 d5
2.Ng1f3 Nb8c6
3.e3 Ng8f6
4.b3 e6
5.Bc1b2 Bf8d6
6.Nb1d2 O-O
7.a3 Rf8e8
8.Bf1d3 Bc8d7
9.O-O e5
10.Nf3xe5 Nc6xe5
11.dxe5 Bd6xe5
12.Bb2xe5 Re8xe5
13.Nd2f3 Re5e7
14.c4 dxc4
15.Bd3xc4 b5
16.Bc4d3 c5
17.Ra1c1 Ra8c8
18.Rf1e1 Nf6e4
19.Bd3xe4 Re7xe4
20.Qd1d5 Qd8e7
21.Re1d1 Bd7g4
22.Rc1xc5 Rc8xc5
23.Qd5xe4 Rc5c1
24.Qe4d4 Rc1xd1
25.Qd4xd1 Qe7xa3
26.Qd1d8 Qa3f8
27.Qd8d5 a6
28.Nf3e5 Bg4e6
29.Qd5b7 Qf8c8
30.Qb7xc8 Be6xc8
31.b4 f6
32.Ne5d3 f5
33.f4 Kf7
34.Kf2 Ke6
35.Nd3e5 Kd6
36.g3 Bc8e6
37.h4 Kc7
38.Ne5d3 Kb6
39.Ke1 a5
40.Kd2 Be6c4
41.bxa5 Kxa5
42.Nd3b2 Kb4
43.Kc2 Bc4b3
44.Kd2 h5
45.Nb2d3 Ka3
46.Kc3 Bb3d5
47.Nd3b4 Bd5e4
48.Nb4a6 Ka4
49.Na6b4 Ka5
50.Nb4a2 Kb6
51.Kb4 Kc6
52.Kc3 Kc5
53.Na2b4 Be4g2
54.Nb4a6 Kd5
55.Na6c7 Ke4
56.Nc7xb5 Kxe3
57.Nb5d4 g6
58.Nd4c2 Kf3
59.Kd2 Kxg3
60.Nc2e1 Bg2e4
61.Ke3 Kxh4
62.Kf2 Kg4
 { time }
0-1

[Event "Tourn. n8648"]
[Site "www.chess-mail.com"]
[Date "2016.03.11"]
[Round "1"]
[White "Caspito"]
[Black "Hundegana"]
[WhiteElo "1690"]
[BlackElo "1900"]
[Result "0-1"]
[Round "1"]
1.e4 c5
2.b3 b6
3.Bc1b2 Bc8b7
4.d3 d6
5.Ng1f3 Nb8d7
6.Bf1e2 e6
7.Nb1c3 Qd8e7
8.Nc3b5 Qe7d8
9.O-O a6
10.Nb5a3 Ra8c8
11.Qd1d2 e5
12.Na3c4 Bf8e7
13.c3 b5
14.Nc4e3 g6
15.Ra1c1 Ng8f6
16.a3 O-O
17.Nf3h4 Nf6xe4
18.dxe4 Be7xh4
19.a4 Bb7xe4
20.Qd2xd6 Nd7b8
21.Qd6xe5 Qd8e7
22.c4 Qe7xe5
23.Bb2xe5 Rf8e8
24.Be5d6 Nb8d7
25.Be2g4 f5
26.Bg4h3 Bh4f6
27.Ne3d5 Be4xd5
28.cxd5 Bf6e5
29.Bd6xe5 Re8xe5
30.Rc1d1 c4
31.g4 cxb3
32.d6 bxa4
33.Rd1a1 Rc8c4
34.Rf1b1 Re5d5
35.gxf5 gxf5
36.Kg2 Kg7
37.f3 Kf6
38.Rb1e1 Rd5xd6
39.Re1e2 Rc4c2
40.Re2xc2 bxc2
41.Ra1c1 Rd6d2
42.Kg3 Nd7c5
43.Bh3f1 Nc5b3
{ resign }
0-1

[Event "Tourn. n8601"]
[Site "www.chess-mail.com"]
[Date "2016.03.11"]
[Round "1"]
[White "Falcoale"]
[Black "Iko"]
[WhiteElo "1750"]
[BlackElo "1640"]
[Result "1-0"]
[Round "1"]
1.e4 e5
2.Ng1f3 Ng8f6
3.Nf3xe5 Qd8e7
4.Ne5f3 Nf6xe4
5.Bf1e2 b5
6.O-O Bc8b7
7.Rf1e1 a6
8.Nb1c3 Nb8c6
9.Nc3xe4 Nc6b4
10.Ne4g5 O-O-O
11.Be2xb5 Bb7xf3
12.Ng5xf3 Qe7c5
13.Bb5d3 Nb4xd3
14.cxd3 Bf8d6
15.d4 Qc5b5
16.a4 Qb5h5
17.d3 Rh8e8
18.Re1e4 g5
19.h3 Re8xe4
20.dxe4 Rd8e8
21.Qd1d3 a5
22.Bc1xg5 f6
23.Bg5xf6 Re8f8
24.e5 Bd6b4
25.Qd3a6 Kb8
26.Ra1c1 Rf8g8
27.Qa6c4 Rg8g6
28.Qc4xc7 Ka8
29.Qc7c8 Ka7
30.Rc1c7 Kb6
31.Qc8b7 
1-0

[Event "Tourn. n8577"]
[Site "www.chess-mail.com"]
[Date "2016.03.11"]
[Round "1"]
[White "Greghghs"]
[Black "Cathar"]
[WhiteElo "2360"]
[BlackElo "2280"]
[Result "1-0"]
[Round "1"]
1.b3 d5
2.Bc1b2 Bc8g4
3.Ng1f3 Nb8d7
4.e3 Ng8f6
5.h3 Bg4h5
6.d3 e6
7.Bf1e2 Bf8e7
8.O-O O-O
9.Nb1d2 b5
10.c4 bxc4
11.dxc4 c6
12.Nf3d4 Bh5xe2
13.Qd1xe2 Qd8b6
14.a3 a5
15.Rf1b1 Rf8c8
16.Bb2c3 c5
17.Nd4f3 Ra8a7
18.Qe2d1 Nf6e4
19.Nd2xe4 dxe4
20.Nf3d2 Qb6c6
21.Qd1g4 Be7f6
22.Nd2xe4 Bf6xc3
23.Ne4xc3 Nd7f6
24.Qg4e2 Ra7d7
25.Rb1d1 Rc8d8
26.Rd1xd7 Rd8xd7
27.Ra1d1 g6
28.Rd1xd7 Qc6xd7
29.Qe2f3 Kg7
30.g4 Qd7d3
31.Nc3b5 Qd3xb3
32.g5 Qb3b1
33.Kh2 { resign }
1-0

[Event "Tourn. n8654"]
[Site "www.chess-mail.com"]
[Date "2016.03.11"]
[Round "1"]
[White "Sorren"]
[Black "Cal"]
[WhiteElo "1790"]
[BlackElo "1780"]
[Result "1-0"]
[Round "1"]
1.e4 e5
2.Ng1f3 d6
3.d4 exd4
4.Nf3xd4 c5
5.Nd4f3 h6
6.Nb1c3 Bc8g4
7.Bf1e2 Ng8f6
8.e5 Qd8e7
9.exf6 Qe7xf6
10.Nc3d5 Qf6d8
11.O-O Nb8c6
12.Rf1e1 Bg4xf3
13.Be2xf3 Bf8e7
14.Nd5xe7 Nc6xe7
15.Bf3xb7 Ra8b8
16.Bb7c6 Kf8
17.Bc6f3 Ne7f5
18.Bc1f4 g6
19.Bf3e4 Nf5d4
20.c3 Qd8f6
21.Bf4g3 Rb8xb2
22.cxd4 cxd4
23.Qd1f3 Qf6g7
24.Bg3xd6 Kg8
25.Be4d5 Kh7
26.Bd6e5 f6
27.Qf3xf6 Qg7xf6
28.Be5xf6 Rh8f8
29.Re1e7 Rf8f7
30.Re7xf7 { resign }
1-0

[Event "Tourn. n8639"]
[Site "www.chess-mail.com"]
[Date "2016.03.11"]
[Round "1"]
[White "Tonino1"]
[Black "Libiesse"]
[WhiteElo "2090"]
[BlackElo "2050"]
[Result "1-0"]
[Round "1"]
1.d4 d5
2.Ng1f3 e6
3.e3 Ng8f6
4.Bf1d3 Nb8d7
5.b3 c5
6.Bc1b2 cxd4
7.exd4 b6
8.O-O Bc8b7
9.Nb1d2 Bf8d6
10.Nf3e5 O-O
11.f4 Qd8c7
12.g4 h6
13.h4 Nf6h7
14.g5 hxg5
15.hxg5 Nd7xe5
16.fxe5 Bd6e7
17.Nd2f3 Nh7xg5
18.Nf3xg5 Be7xg5
19.Qd1h5 Bg5h6
20.Bb2c1 { resign }
1-0

[Event "Tourn. n8660"]
[Site "www.chess-mail.com"]
[Date "2016.03.11"]
[Round "1"]
[White "Cathar"]
[Black "Goofy"]
[WhiteElo "2240"]
[BlackElo "2320"]
[Result "0-1"]
[Round "1"]
1.e4 d5
2.exd5 Ng8f6
3.Ng1f3 Bc8g4
4.Bf1e2 Qd8xd5
5.h3 Bg4h5
6.O-O Nb8c6
7.d4 O-O-O
8.Bc1e3 e6
9.c4 Qd5d7
10.Nb1d2 Bf8b4
11.Nd2b3 h6
{ resign }
0-1

[Event "Tourn. n8653"]
[Site "www.chess-mail.com"]
[Date "2016.03.11"]
[Round "1"]
[White "Cathar"]
[Black "Rons"]
[WhiteElo "2250"]
[BlackElo "2570"]
[Result "0-1"]
[Round "1"]
1.Ng1f3 Ng8f6
2.g3 d5
3.Bf1g2 c6
4.d3 Bc8g4
5.h3 Bg4xf3
6.exf3 g6
7.f4 h5
8.Nb1d2 h4
9.g4 Bf8g7
10.Nd2f3 d4
11.O-O Nf6d5
12.Nf3e5 Nb8d7
13.Rf1e1 Qd8c7
14.Qd1e2 Bg7xe5
15.fxe5 Nd7c5
16.f4 Ra8d8
17.f5 gxf5
18.gxf5 Kd7
19.Bc1d2 Rd8g8
20.c4 Nd5e3
{ resign }
0-1

[Event "Tourn. n8625"]
[Site "www.chess-mail.com"]
[Date "2016.03.11"]
[Round "1"]
[White "Umzi"]
[Black "Tonino1"]
[WhiteElo "2210"]
[BlackElo "2080"]
[Result "1-0"]
[Round "1"]
1.e4 c5
2.Ng1f3 d6
3.d4 cxd4
4.Nf3xd4 Ng8f6
5.Nb1c3 g6
6.f3 Bf8g7
7.Bf1c4 O-O
8.O-O Qd8b6
9.Kh1 Nf6xe4
10.fxe4 Qb6xd4
11.Bc4d3 Nb8c6
12.Nc3d5 e6
13.c3 Qd4e5
14.Bc1f4 Qe5h5
15.Qd1xh5 gxh5
16.Nd5c7 e5
17.Nc7xa8 exf4
18.Na8c7 Nc6e5
19.Bd3e2 f5
20.Rf1xf4 Bg7h6
21.Rf4f1 a6
22.Nc7d5 fxe4
23.Rf1xf8 Kxf8
24.Nd5f6 Ne5g4
25.Nf6xe4 Bc8f5
26.Ne4xd6 Bf5e6
27.Nd6xb7 Ng4f2
28.Kg1 Bh6e3
29.Kf1 Be6d5
30.Nb7d6 Be3c5
31.Nd6f5 Nf2e4
32.Be2f3 Ne4d2
33.Ke2 Nd2xf3
34.gxf3 Bd5c4
35.Kd2 Bc4e6
36.Nf5d4 Be6d7
37.Ra1e1 Bc5d6
38.a3 Bd6xh2
39.Re1h1 Bh2f4
40.Kc2 Bd7e8
41.Nd4e6 Ke7
42.Ne6xf4 a5
43.Rh1e1  { time }
1-0

[Event "Tourn. n8527"]
[Site "www.chess-mail.com"]
[Date "2016.03.11"]
[Round "1"]
[White "Emiondi"]
[Black "Norlavuaram"]
[WhiteElo "2199"]
[BlackElo "2150"]
[Result "1-0"]
[Round "1"]
1.d4 Ng8f6
2.c4 g6
3.Nb1c3 Bf8g7
4.e4 d6
5.Ng1f3 O-O
6.Bf1e2 e5
7.O-O Nb8c6
8.d5 Nc6e7
9.Nf3e1 h6
10.Bc1e3 Kh7
11.c5 Nf6e8
12.Ne1d3 f5
13.f3 f4
14.Be3f2 g5
15.a4 h5
16.cxd6 cxd6
17.Nc3b5 a6
18.Nb5a3 Ne8f6
19.Na3c4 g4
20.Nc4b6 Ra8b8
21.Nb6xc8 Qd8xc8
22.Ra1c1 Qc8d7
23.Bf2h4 gxf3
24.Be2xf3 Ne7g6
25.Bh4xf6 Rf8xf6
26.Bf3xh5 Ng6e7
27.Bh5g4 Qd7d8
28.Kh1 Rf6h6
29.Rf1f3 Ne7g6
30.Rf3h3 Rh6xh3
31.Bg4xh3 Qd8e7
32.Qd1h5 Bg7h6
33.Bh3f5 Rb8g8
34.Rc1c8 Rg8g7
35.Nd3f2 Qe7g5
36.Nf2g4 Rg7f7
37.Qh5h3 Kg7
38.Rc8d8 f3
39.Rd8c8 fxg2
40.Qh3xg2 Ng6h4
41.Rc8g8 { resign }
1-0

[Event "Match"]
[Site "www.echecsemail.com"]
[Date "2016.03.11"]
[Round "1"]
[White "Rindrandria"]
[Black "Ranjachess"]
[WhiteElo "1570"]
[BlackElo "1720"]
[Result "0-1"]
[Round "1"]
1.e4 d5
2.e5 d4
3.b4 Nb8c6
4.b5 Nc6xe5
5.f4 Ne5g6
6.g3 b6
7.h4 Qd8d5
8.Ng1f3 e5
9.c4 Qd5e4
10.Bf1e2 d3
11.Nb1c3 dxe2
12.Qd1xe2 Qe4xe2
13.Nc3xe2 Bc8b7
14.Kf2 e4
15.Nf3d4 e3
16.Kg1 Bb7xh1
17.Kxh1 exd2
18.Bc1xd2 O-O-O
19.Ra1c1 Bf8c5
20.Bd2c3 Ng8e7
21.h5 Ng6f8
22.h6 Nf8e6
23.Nd4xe6 fxe6
24.hxg7 Rh8g8
25.Bc3f6 Rd8d2
26.Ne2c3 Ne7f5
27.Nc3e4 Bc5e3
28.Ne4xd2 Be3xd2
29.Rc1g1 Nf5xg7
30.Bf6e5 Ng7h5
31.g4 Nh5xf4
32.Be5d4 Rg8g6
33.Kh2 Rg6h6
34.Kg3 Nf4e2
35.Kf2 Ne2xd4
36.Rg1d1 Rh6f6
37.Kg2 Nd4f3
38.Rd1f1 Nf3h4
39.Kg3 Rf6xf1
40.Kxh4 e5
41.Kg3 e4
42.a4 e3
43.g5 e2
44.a5 e1Q
45.Kg4 Rf1f2
46.g6 Qe1g1
47.Kh5 Rf2h2

0-1

[Event "Match"]
[Site "www.echecsemail.com"]
[Date "2016.03.11"]
[Round "1"]
[White "Mitja"]
[Black "Bojan"]
[WhiteElo "1890"]
[BlackElo "2060"]
[Result "0-1"]
[Round "1"]
1.d4 d5
2.e3 Ng8f6
3.c3 e6
4.Nb1d2 Nf6e4
5.Nd2xe4 dxe4
6.Qd1c2 f5
7.Ng1h3 a6
8.Bf1e2 g6
9.Nh3f4 Bf8d6
10.Qc2a4 Bc8d7
11.Qa4b3 Ke7
12.Qb3xb7 Nb8c6
13.Qb7b3 a5
14.a4 Ra8b8
15.Qb3c2 Kf7
16.b3 e5
17.Nf4h3 h6
18.Bc1b2 exd4
19.cxd4 Nc6b4
20.Qc2d1 Bd7e6
21.O-O Qd8e7
22.d5 Be6xd5
23.Bb2xh8 Rb8xh8
24.Ra1b1 Qe7e5
25.g3 g5
26.Qd1d4 Qe5xd4
27.exd4 Nb4a2
28.Be2c4 Bd5xc4
29.bxc4 Bd6b4
30.Kg2 Rh8d8
31.d5 Bb4c5
32.Nh3g1 Na2c3
33.Rb1c1 Bc5b4
34.Rc1a1 Rd8d6
35.Rf1c1 c6
36.Kf1 cxd5
37.Ng1e2 Nc3xe2
38.Kxe2 d4
39.Ra1a2 Ke6
40.f3 d3
41.Kf2 Bb4c5
42.Kg2 e3
43.Kf1 Bc5b4
44.c5 Rd6c6
45.Rc1b1 e2
46.Kf2 Bb4xc5
47.Ke1 Kd5
48.Ra2b2 Bc5b4
49.Rb2xb4 axb4
50.Rb1xb4 Rc6c1
{ resign }
0-1

[Event "Match"]
[Site "www.echecsemail.com"]
[Date "2016.03.11"]
[Round "1"]
[White "Raulazo"]
[Black "Darknight"]
[WhiteElo "1860"]
[BlackElo "1620"]
[Result "1-0"]
[Round "1"]
1.c4 e5
2.d4 e4
3.Nb1c3 Bf8b4
4.Bc1d2 Qd8e7
5.Nc3d5 Qe7d8
6.Bd2xb4 c6
7.Nd5c3 Ng8f6
8.Ng1h3 h6
9.Qd1b1 d5
10.Nh3f4 g5
11.Nf4h3 Qd8c7
12.Qb1c2 g4
13.Nh3g1 Bc8f5
14.e3 Nb8d7
15.h3 a6
16.O-O-O b5
17.c5 Qc7b7
18.Bf1e2 h5
19.h4 Ke7
20.f3 Rh8b8
21.fxg4 Nf6xg4
22.Rd1f1 Ng4xe3
23.Qc2d2 Ne3xf1
24.Be2xf1 a5
25.Qd2g5 f6
26.Bb4xa5 Bf5e6
27.Qg5g7 Be6f7
28.b4 Ra8a6
29.Bf1e2 Rb8g8
30.Qg7h6 Ra6a8
31.Be2xh5 Rg8h8
32.Qh6f4 Bf7xh5
33.Qf4d6 Kf7
34.Ba5c7 Nd7f8
35.Ng1h3 Bh5g4
36.Nh3f4 Ra8c8
37.Bc7d8 Nf8d7
38.Qd6e7 Kg8
39.Qe7e8 Nd7f8
40.Nf4g6 Qb7f7
41.Ng6e7 Kg7
42.Qe8xf7 Kxf7
43.Ne7xc8 Bg4xc8
44.g3 Nf8e6
45.Bd8b6 Ne6xd4
46.Bb6c7 Bc8g4
47.Kd2 f5
48.Ke3 Nd4e6
49.Bc7e5 Ne6g5
50.Be5xh8 Ng5e6
51.Bh8d4 Kg6
52.a4 Kh5
53.a5 Ne6c7
54.Bd4e5 Nc7a6
55.Nc3a2 Bg4f3
56.Kf4 Bf3g4
57.Be5c3 Na6c7
58.Na2c1 Nc7a6
59.Nc1b3 Na6b8
60.Rh1a1 Kg6
61.a6 Nb8xa6
62.Ra1xa6 Kf7
63.Ra6xc6 Ke7
64.Nb3d4 Bg4d1
65.Nd4xf5 Kd7
66.Rc6d6 Kc7
67.Bc3e5 Kb7
68.c6 Kb6
69.c7 Kxc7
70.Rd6xd5 Kb6
71.Rd5xd1 e3
72.Kxe3 Kc6
73.Rd1d6 Kb7
74.Be5d4 Kc7
75.Bd4b6 Kb7
76.Nf5d4 Kc8
77.Nd4xb5 Kb7
78.h5 Ka6
79.Nb5c7 Kb7
80.b5 Kc8
81.h6 Kb7
82.h7 Kb8
83.h8Q Kb7
84.Qh8a8 
1-0

[Event "Match"]
[Site "www.echecsemail.com"]
[Date "2016.03.11"]
[Round "1"]
[White "Pariolinius"]
[Black "Starcommand"]
[WhiteElo "2020"]
[BlackElo "1499"]
[Result "1-0"]
[Round "1"]
1.d4 Ng8f6
2.Ng1f3 g6
3.Bc1g5 Bf8g7
4.c4 O-O
5.Nb1c3 c5
6.e4 Qd8a5
7.d5 Nf6xe4
8.Bg5d2 Bg7xc3
9.Qd1c2 Bc3xd2
10.Nf3xd2 Qa5xd2
11.Qc2xd2 Ne4xd2
12.Kxd2  { time }
1-0

[Event "1/16 Finale"]
[Site "www.chess-mail.com"]
[Date "2016.03.11"]
[Round "1"]
[White "Attatroll"]
[Black "Nimzo"]
[WhiteElo "2000"]
[BlackElo "2820"]
[Result "0-1"]
[Round "1"]
1.e4 e6
2.f4 d5
3.exd5 exd5
4.Ng1f3 Ng8f6
5.Bf1b5 c6
6.Bb5a4 Qd8e7
7.Qd1e2 Qe7xe2
8.Kxe2 Bf8d6
9.d3 O-O
10.Rh1e1 Nb8d7
11.Kf1 a5
12.Nb1c3 b5
13.Ba4b3 a4
14.Bc1e3 axb3
15.axb3 Bc8b7
16.Nf3d4 Nf6g4
17.Nd4f3 Ng4xe3
18.Re1xe3 Ra8xa1
19.Kf2 Nd7f6
20.Nf3d4 Nf6g4
21.Ke2 Ng4xe3
22.Kxe3 Bd6c5
{ resign }
0-1

[Event "Eq:Royal chess-Equipo Juan Diaz : "]
[Site "www.chess-mail.com"]
[Date "2016.03.11"]
[Round "1"]
[White "Elogic"]
[Black "Naujzaid"]
[WhiteElo "1769"]
[BlackElo "2040"]
[Result "0-1"]
[Round "1"]
1.e4 c5
2.c3 d5
3.Bf1b5 Bc8d7
4.Bb5xd7 Qd8xd7
5.e5 d4
6.cxd4 cxd4
7.f4 e6
8.Ng1f3 Nb8c6
9.O-O Bf8c5
10.d3 Ng8e7
11.Bc1d2 O-O
12.a3 a5
13.b3 Ne7f5
14.Qd1c2 Bc5b6
15.Kh1 Ra8c8
16.Qc2a2 Nc6e7
17.b4 axb4
18.Bd2xb4 Rf8d8
19.Nb1d2 Nf5e3
20.Rf1c1 Ne7d5
21.Rc1xc8 Rd8xc8
22.Nd2c4 Ne3xc4
23.dxc4 Nd5xf4
24.Bb4d6 Bb6c5
25.Bd6xc5 Rc8xc5
26.g3 Qd7c6
27.Ra1f1 Nf4g6
28.Kg1 Ng6xe5
29.Nf3xd4 Qc6d7
30.Rf1c1 Qd7xd4
31.Kg2 Rc5xc4
32.Rc1xc4 Qd4xc4
33.Qa2xc4 Ne5xc4
34.a4 b6
35.Kf3 Nc4b2
36.Ke4 Nb2xa4
{ resign }
0-1

[Event "Fast Game"]
[Site "www.echecsemail.com"]
[Date "2016.03.11"]
[Round "1"]
[White "Nugun"]
[Black "Plymouth"]
[WhiteElo "1519"]
[BlackElo "1599"]
[Result "1-0"]
[Round "1"]
1.c4 e6
2.d4 d5
3.Ng1f3 Ng8f6
4.Nb1c3 Bf8e7
5.g3 c5
6.b3 Nb8c6
7.Bf1h3 O-O
8.O-O dxc4
9.bxc4 cxd4
10.Nc3b5 e5
11.Bh3g2 a6
12.Bc1b2 axb5
13.cxb5 Nc6b4
14.Nf3xe5 Be7d6
{ time. }
1-0

[Event "Tourn. n8621"]
[Site "www.chess-mail.com"]
[Date "2016.03.12"]
[Round "1"]
[White "Cathar"]
[Black "Goofy"]
[WhiteElo "2350"]
[BlackElo "2330"]
[Result "0-1"]
[Round "1"]
1.e4 d5
2.exd5 Ng8f6
3.Ng1f3 Bc8g4
4.Bf1e2 Qd8xd5
5.O-O Nb8c6
6.h3 Bg4h5
7.d4 e6
8.Bc1e3 Ra8d8
9.c4 Qd5d7
10.Nb1d2 Bf8e7
11.a3 a5
12.c5 Nf6d5
13.Nd2c4 Nd5xe3
14.fxe3 O-O
15.Nf3e5 Bh5xe2
16.Qd1xe2 Nc6xe5
17.Nc4xe5 Qd7e8
18.Qe2c4 b5
19.Qc4c3 a4
20.c6 Rd8d6
21.Ne5d7 Rd6xd7
22.cxd7 Qe8xd7
23.Ra1c1 Be7d6
24.Qc3c6 Qd7xc6
25.Rc1xc6 e5
26.d5 e4
27.Rf1f2 f5
28.Kf1 g5
{ resign }
0-1